Allgemeinwissentest - Statistiken

Allgemein
  • Dieses Quiz wurde 86 mal gespielt
  • Das Durchschnittsergebnis liegt bei 9 aus 15
Antwortstatistiken
Frage Antwort % Korrekt
wegen welcher Revolution wurde Ludwig XVI. zu tote verurteilt? französische Revolution
91%
Von wem stammt die aussage "Gott ist tot"? Friedrich Nietzsche
86%
Von wem stammt die Aussage "Ich habe einen Traum"? Martin Luther
84%
wer war der erste deutsche Bundeskanzler? Konrad Adenauer
83%
Aus welchem Land stammt Vincent Van Gogh? Niederlande
80%
welcher Golfer gewann die 2002 masters? tiger woods
79%
in welchem jähr ist die Titanic gesunken? 1912
75%
welches Land verlor die meisten Soldaten im zweiten Weltkrieg? Russland
63%
in welchem jähr wurde Queen Elisabeth II geboren? 1926
49%
zur welcher Stilrichtung wurde David Casper Friedrich eingeordnet? Romatik
46%
von wann bis wann war der Vietnam krieg? 1955-1975
44%
welcher dieser amerikanischen Präsidenten war nicht während einem krieg im Amt? Lyndon Johnson
41%
Von welchem/welcher Philosoph/in stammt die Aussage " I think therefore i am"? René Descartes
38%
Welche Partnerinnen haben die CRISP/ Cas9 Methode erfunden? Jennifer Doudna & Emmanuelle Charpentier
35%
Welche Wissenschaftlerin half bei der Entdeckung der DNA? Rosalind franklin
31%
Keine übereinstimmenden Quizze gefunden
Verteilung der Resultate
Anzahl Personen mit jedem Resultat
Perzentil nach korrekt beantworteten Fragen
Ihre Resultats-Entwicklung
Sie haben dieses Quiz noch nicht gespielt